| 000 | 00364cam a22001097a 4500 | ||
|---|---|---|---|
| 008 | 180718b xxu||||| |||| 00| 0 eng d | ||
| 082 | _aZ442x54 R311rev | ||
| 245 |
_aReview of the agricultural credit system in India _cby Reserve Bank of India, Maharashtra |
||
| 260 |
_aBombay _bReserve Bank of India _c |
||
| 300 | _a1074+p. | ||
| 700 | _aMaharashtra.Reserve Bank of India | ||
| 999 |
_c499467 _d499467 |
||